Väzba niektorých diuretík na sérové bielkoviny u pacientov s chorobami pečene

Bibliographic Details
Main Author: Gerová, Zora (Author)
Format: Article
Language:Slovak
Subjects:

MARC

LEADER 00000nab a2200000 a 4500
001 vtls000145555
003 SK-MaSNL
005 20260303025355.0
008 220422c1983 xo 0 slo
015 |a SNBRB19rr/mm-uuuuu 
035 |a CL0155662 
040 |a SNKBUCL  |b slo  |c SNKBUCL  |e AACR2 
041 0 |a slo 
044 |a xo  |c SK 
080 |a 616.36  |2 1981 
080 |a 615.254  |2 1981 
100 1 |a Gerová, Zora  |4 aut  |9 502037 
245 1 0 |a Väzba niektorých diuretík na sérové bielkoviny u pacientov s chorobami pečene  |c Zora Gerová 
650 0 7 |a pečeň  |x choroby  |2 snkbucl  |9 907253 
655 7 |a články z novín a časopisov  |2 snkbucl  |9 267496 
773 0 |t Časopis lékařů českých  |g Roč. 122, č. 7 (1983), s. 210 
850 |a Slovenská národná knižnica v Martine  |a MTA001 
852 |a SNK  |b KIS3GCP 
958 |a RK 
958 |a ME 
958 |a CZ 
992 |a RBX 
999 |c 1645986  |d 1647916